| 000 | 01430cad a22002295a 4500 | ||
|---|---|---|---|
| 001 | L152178 | ||
| 008 | 110207s20101213xxk f 000 0 eng d | ||
| 035 | _a(Sirsi) u152178 | ||
| 041 | 0 | _aeng | |
| 110 | 2 |
_aRoyal Institution of Chartered Surveyors _94900 |
|
| 245 | 0 | 0 |
_aExtending the valuer's duty of care _bThe case of Scullion v Bank of Scotland plc (trading as Colleys) _h[electronic resource] |
| 260 |
_aLondon _bRICS _c2010 |
||
| 520 | _a"Emmet Thomas Scullion v Bank of Scotland trading as Colleys" [2010] EWHC 2253 (Ch) 2010 extends the valuer's duty of care established in "Smith v Bush" HL 1990 to borrowers in a commercial situation. Prior to "Scullion", the duty of care principle applied to borrowers seeking a loan for the purpose of purchasing a modest home for residential purposes. "Scullion" extended the duty of care principle to a property purchased as a low-value buy to let investment based on the valuer's assessment of the rental yield. (See L152179 to view full transcript) | ||
| 590 | _aKA | ||
| 650 | 2 | 4 | _aEMMET THOMAS SCULLION V BANK OF ENGLAND PLC (TRADING AS COLLEYS) |
| 650 | 2 | 4 | _aSMITH V BUSH |
| 650 | 2 | 4 | _aHEDLEY BRYNE V HELLLER |
| 651 | 4 |
_aUnited Kingdom _y |
|
| 690 | _aMANAGEMENT-BUSINESS MANAGEMENT-PROFESSIONAL PRACTICE-NEGLIGENCE | ||
| 856 | 4 | 0 |
_uhttps://www.rics.org/site/download_feed.aspx?fileID=8377&fileExtension=PDF _zView this item free of charge at www.rics.org |
| 942 | _n0 | ||
| 999 |
_c111908 _d111908 |
||